000
00285nam a22001337a 4500
008
170822b xxu||||| |||| 00| 0 eng d
020
_a
9780486665214
041
_a
eng
080
_a
51
100
_a
38
101
_a
MAT
245
_a
INFORMATION THEORY
_c
ASH.R.B
942
_2
udc
_c
BK
999
_c
24572
_d
24572